01334nam a2200301 u 450000100070000000500170000700800410002403500110006504000130007604100080008908000070009708200080010410000430011224500960015526000430025130000140029452002600030865000260056865000270059465000230062165000350064465000400067965000400071965000290075970000390078870000490082750001560087662398320260506084623.0000923s2000 ||||||m| spa  a623983 ccomduadb aspa aB/ 4a65810aCuervo Torres, Luis Fernando4auteaut10aQue pasa con las personas en las organizaciones virtuales o en proceso de virtualización? aMedellín :b[sin publicador],c2000. a217 hojas3 aEl documento pretende dar a conocer cuales son las posibilidades que se abren en las nuevas organizaciones virtuales y en especial qué pasa con las personas que las integran en lo referente a las variables de trabajo en equipo, cultura y comunicación. aConsultoria gerencial aAsesoría empresarial aEmpresas virtuales 7aCultura organizacional2armarc 7aComunicación organizacional2lemb 7aComportamiento organizacional2lemb aOrganizaciones virtuales10aCalderon Gallego, Alicia4auteaut10aGiraldo Rodriguez, Isabel Cristina4auteaut aTesis (Especialista en Asesoria y Consultoria de Organizaciones) Universidad de Antioquia Facultad de Ciencias Economicas - Título del grado otorgado